Исследование характера распределения стохастической ошибки при оценке эффективности экономической деятельности методом SFA; Перспективы развития фундаментальных наук; Т. 5 : Экономика и управление

Detalles Bibliográficos
Parent link:Перспективы развития фундаментальных наук=Prospects of Fundamental Sciences Development: сборник научных трудов XХII Международной конференции студентов, аспирантов и молодых ученых, г. Томск, 22-25 апреля 2025/ Национальный исследовательский Томский политехнический университет ; под ред. И. А. Курзиной [и др.].— .— Томск: Изд-во ТПУ
Т. 5 : Экономика и управление.— 2025.— С. 35-37
Autor principal: Муслимов Р. З.
Otros Autores: Мицель А. А. Артур Александрович (научный руководитель)
Sumario:Заглавие с экрана
When estimating the economic performance of enterprises by the SFA (Stochastic frontier analysis) method, inefficiency is defined as a variation from the efficiency frontier by the non-negative technical inefficiency component and the accidental error. A normal distribution is defined a priori for this error. The article considers the possibility of deviation of the distribution from the normal law
Текстовый файл
Lenguaje:ruso
Publicado: 2025
Materias:
Acceso en línea:http://earchive.tpu.ru/handle/11683/132898
Formato: MixedMaterials Electrónico Capítulo de libro
KOHA link:https://koha.lib.tpu.ru/cgi-bin/koha/opac-detail.pl?biblionumber=682481

MARC

LEADER 00000naa2a2200000 4500
001 682481
005 20251105113445.0
090 |a 682481 
100 |a 20251020d2025 k||y0rusy50 ca 
101 0 |a rus 
102 |a RU 
135 |a drcn ---uucaa 
200 1 |a Исследование характера распределения стохастической ошибки при оценке эффективности экономической деятельности методом SFA  |d Research of the distribution function of accidental error in estimating the efficiency of economic activity by the SFA method  |f Р. З. Муслимов  |g науч. рук. А. А. Мицель  |z eng 
300 |a Заглавие с экрана 
320 |a Список литературы: 4 назв 
330 |a When estimating the economic performance of enterprises by the SFA (Stochastic frontier analysis) method, inefficiency is defined as a variation from the efficiency frontier by the non-negative technical inefficiency component and the accidental error. A normal distribution is defined a priori for this error. The article considers the possibility of deviation of the distribution from the normal law 
336 |a Текстовый файл 
461 1 |0 682243  |t Перспективы развития фундаментальных наук  |l Prospects of Fundamental Sciences Development  |o сборник научных трудов XХII Международной конференции студентов, аспирантов и молодых ученых, г. Томск, 22-25 апреля 2025  |9 682243  |c Томск  |n Изд-во ТПУ  |f Национальный исследовательский Томский политехнический университет ; под ред. И. А. Курзиной [и др.] 
463 1 |0 682268  |9 682268  |t Т. 5 : Экономика и управление  |d 2025  |u conference_tpu-2025-C21_V5.pdf  |v С. 35-37  |l Vol. 5 : Economics and management 
610 1 |a труды учёных ТПУ 
610 1 |a электронный ресурс 
610 1 |a SFA 
610 1 |a distribution function 
610 1 |a accidental error 
700 1 |a Муслимов  |b Р. З. 
702 1 |a Мицель  |b А. А.  |c математик  |c профессор Томского политехнического университета, доктор технических наук  |f 1947-  |g Артур Александрович  |4 727 
801 0 |a RU  |b 63413507  |c 20251020  |g RCR 
856 4 |z http://earchive.tpu.ru/handle/11683/132898  |u http://earchive.tpu.ru/handle/11683/132898 
942 |c CF